| 000 | 00687nam a2200241 i 4500 | ||
|---|---|---|---|
| 001 | 47886 | ||
| 003 | ES-MaACL | ||
| 005 | 20240510184606.0 | ||
| 007 | t| | ||
| 008 | 030625s2001 sp ||||0| spa j | ||
| 020 | _a84-88015-57-7 | ||
| 040 |
_aM-BN _bspa _cM-BN |
||
| 080 | _a821.134.2-14"19" | ||
| 100 | 1 |
_aMorales, Rafael, _d1919-2005 _983007 |
|
| 245 | 1 | 0 |
_aObra poética completa _b: (1943-1999) / _cRafael Morales. |
| 250 | _a1ª ed. | ||
| 260 |
_aMadrid : _bCalambur, _c1999. |
||
| 300 |
_a363 p ; _c23 cm. |
||
| 490 | 1 |
_aCalambur poesía ; _v17 |
|
| 830 | 0 |
_aCalambur poesía _v17 _9182221 |
|
| 852 |
_aES-MaACL _jL-26451 _bR.131461 |
||
| 999 |
_c47886 _d47886 |
||